U.S. States with the Most Workplace Fatalities - Statistics

General Stats
  • This quiz has been taken 9,530 times
  • The average score is 6 of 10
Answer Stats
Rate State % Correct
10.2 Alaska
86%
10.1 North Dakota
73%
6.9 Montana
72%
7.3 South Dakota
72%
7.7 Wyoming
67%
6.2 Mississippi
64%
6.3 Louisiana
57%
7.4 West Virginia
55%
6.1 Arkansas
53%
7.0 Vermont
26%
No matching quizzes found
Score Distribution
Percent of People with Each Score
Percentile by Number Answered
Your Score History
You have not taken this quiz